BIBLIOTHÈQUE DE LA MAISON DU MEXIQUE

Logo 1 Logo 2

Pensamiento y realidad en Fray Alonso de la Vera Cruz (notice nᵒ 433)

détails MARC
000 -Sello discográfico
campo de control de longitud fija 01229nam a2200361 4500
005 - Identificación de versión
campo de control 20251016082216.0
010 ## - Número Estándar Internacional de Libros (ISBN)
Número (ISBN) 968-837-497-0
035 ## - Otros números de control del sistema
Número de control del sistema 19643
099 ## - fechas locales
Tipo de ítem Koha LIBRO
100 ## - Datos de procesamiento general
Datos de procesamiento general 19940926d1987 m y1spay5003 ba
105 ## - Campo de datos codificados: Material textual, monográfico
Datos codificados de monografía y 001zy
200 1# - Título y mención de responsabilidad
Título propio Pensamiento y realidad en Fray Alonso de la Vera Cruz
Designación general del material texto impreso
Primer mención de responsabilidad Walter Redmond y Mauricio Beuchot
205 ## - Declaración de edición
Declaración de edición 1a ed
210 ## - Publicación, distribución, etc.
Lugar de publicación, distribución, etc. México
Nombre del editor, distribuidor, etc. Universidad Nacional Autónoma de México, Instituto de Investigaciones Filológicas
Fecha de publicación, distribución, etc. 1987
215 ## - Descripción física
Designación de material específico y extensión del ítem 213 p
Otras características físicas il.
Dimensiones 21 cm
320 ## - Nota de índices/bibliografías internas
Texto de la nota Bibliografía: p.209-211
345 ## - Nota de información de adquisición
Fuente de adquisición/dirección de la suscripción [OBSOLETO] Donación de la UNAM
410 #1 - Series
Título Cuadernos del Centro de Estudios Clásicos
Número de volumen 26
600 ## - Nombre personal usado como materia
Elemento de entrada Veracruz
Parte del nombre distinta del elemento de entrada Alonso de la
Fechas ca. 1504-1584
Adiciones al nombre que no sean fechas Fray
Número Koha 1288
606 ## - Término temático usado como materia
Elemento de entrada Agustinos en México
Número Koha 469
606 ## - Término temático usado como materia
Elemento de entrada Etica
Subdivisión temática Historia
Subdivisión geográfica México
Número Koha 1289
606 ## - Término temático usado como materia
Elemento de entrada Filosofía mexicana
Número Koha 1290
660 ## - Código de área geográfica
Código MX
700 ## - Nombre personal - Responsabilidad primaria
Elemento de entrada Redmond
Parte del nombre distinta del elemento de entrada Walter
Número Koha 1291
701 ## - Nombre personal - Responsabilidad alternativa
Elemento de entrada Beuchot Puente
Parte del nombre distinta del elemento de entrada Mauricio
Fechas 1950-
Número Koha 1292
801 #0 - Fuente de origen
Agencia cm
900 ## -
-- 1/11198
900 ## -
-- 7109490\\\\260994
942 ## - ELEMENTOS DE ENTRADA SECUNDARIOS (KOHA)
Tipo de ítem Koha Livre
996 ## -
-- MEX
-- 751145101
-- MMAG
-- 004225
-- 199.72 R318P
-- 20201112LIV
Exemplaires
Estatus retirado Estado de daño Estado de pérdida Fecha de adquisición Biblioteca de origen Biblioteca actual Ubicación en estantería Código de barras Precio de reemplazo Signatura topográfica completa No para préstamo Tipo de ítem Koha Nota pública Nota no pública
      05/08/2025 Casa México Paris Casa México Paris   004225 05/08/2025 199.72 R318P   Livre 20201112LIV 751145101